Normal view
MARC view
- Abdul Moiz Muhammad Ahmed Yousaf Muhammad Haroon Bangash Talha Bin Riaz
Entry Personal Name
001 - CONTROL NUMBER
- control field: 119843
003 - CONTROL NUMBER IDENTIFIER
- control field: NUST
005 - DATE AND TIME OF LATEST TRANSACTION
- control field: 20240104182915.0
008 - FIXED-LENGTH DATA ELEMENTS
- fixed length control field: 240104|| aca||aabn | a|a d
040 ## - CATALOGING SOURCE
- Original cataloging agency: NUST
- Transcribing agency: NUST
100 ## - HEADING--PERSONAL NAME
- Personal name: Abdul Moiz Muhammad Ahmed Yousaf Muhammad Haroon Bangash Talha Bin Riaz
670 ## - SOURCE DATA FOUND
- Source citation: Work cat.: (NUST): Abdul Moiz Muhammad Ahmed Yousaf Muhammad Haroon Bangash Talha Bin Riaz, PR-SOF-2267-Generalised Automated Welding Machine, 2023
